000 00864nam a22002417a 4500
005 20110915162229.0
008 110915t xxu||||| |||| 00| 0 eng d
010 _aENG-103699
020 _a9788184503784
_c1650.00
035 _aEN-87232
037 _bDBAD/PUB
040 _aDPL
_bEng
082 _a337
100 _934730
_aArora, Anil
245 _aCorporate colonialism :
_cby Anil Arora ; foreworded by Jai Narain Sharma
_bdesigns of MNCs in India /
260 _aNew Delhi
_bDeep and Deep Publications
_c2011
270 _aF-159, Rajouri Garden
_bNew Delhi
_e110027
300 _axxix,383p.
_c23cm (Hb)
500 _aIncludes bibliographical references and index
700 _934731
942 _2ddc
_cEN
_mARO
_h337
999 _c56641
_d56641